Biblioteca

The parables of jesus (Registro nro. 44039)

Detalles MARC
000 -LÍDER
Campo fijo de descripción fija 02770nam a2200361 i 4500
001 - NÚMERO DE CONTROL
Campo de control 768714001
003 - IDENTIFICADOR DEL NÚMERO DE CONTROL
Campo de control CO-MdFUSB
005 - FECHA Y HORA DE LA ULTIMA TRANSACCIÓN
control field 20240822083936.0
008 - ELEMENTOS DE LONGITUD FIJA -- INFORMACIÓN GENERAL
Campo fijo de descripción fija -- Información general 240605t1989 enk |||| |||| 001 0deng d
020 ## - NÚMERO INTERNACIONAL NORMALIZADO PARA LIBROS
Número Internacional Normalizado del libro 0340488115
040 ## - FUENTE DE CATALOGACIÓN
Agencia de catalogación original CO-MdFUSB
Idioma de catalogación eng
Agencia que realiza la transcripción CO-MdFUSB
Agencia que realiza la modificación CO-MdFUSB
Convenciones de la descripción rda
041 0# - CÓDIGO DE IDIOMA
Código de idioma para texto/pista de sonido o título separado eng
082 04 - NÚMERO DE CLASIFICACIÓN DECIMAL DEWEY
Número de clasificación 226.8
Número de la edición del Dewey 23
Clave de autor-Numero de item W474
100 1# - ASIENTO PRINCIPAL--NOMBRE PERSONAL
Nombre personal Wenham, David
Término relacionador autor
245 04 - TÍTULO
Título del Material The parables of jesus
Mención de responsabilidad, etc. / David Wenham ; editado por Michael Green
264 #1 - PRODUCCIÓN, PUBLICACIÓN, DISTRIBUCIÓN, MANUFACTURA, Y COPYRIGHT
Lugar de producción, publicación, distribución, manufactura Londres, Inglaterra :
Nombre del productor, publicador, distribuidor Hodder and Stoughton,
Fecha de producción, publicación, distribución, manufactura, o copyright [1995]
264 #4 - PRODUCCIÓN, PUBLICACIÓN, DISTRIBUCIÓN, MANUFACTURA, Y COPYRIGHT
Fecha de producción, publicación, distribución, manufactura, o copyright ©1995
300 ## - DESCRIPCIÓN FÍSICA
Extensión 272 páginas
Dimensiones ; 22 cm
336 ## - TIPO DE CONTENIDO
Fuente rdaconten
Término de tipo de contenido texto
Código de tipo de contenido txt
337 ## - TIPO DE MEDIO
Fuente rdamedia
Nombre del tipo de medio sin mediación
Código del tipo de medio n
338 ## - TIPO DE SOPORTE
Fuente rdacarrier
Nombre del tipo de soporte volumen
Código Tipo de soporte nc
490 ## - MENCIÓN DE SERIE
Mención de serie The Jesús Library,
505 ## - NOTA DE CONTENIDO
Título Puesta en escena: Las parábolas de Jesús.
-- Preparando el escenario: La revolución de Jesús.
-- La revolución está aquí.
Nota de contenido con formato preestablecido Los invitados del mundo, los niños jugando, el paño sin encoger, el vino nuevo y el escriba cristiano. -- El reino y la casa divididos,el hombre fuerte atado y el regreso de Espíritu maligno.
Título El camino al nuevo mundo.
Nota de contenido con formato preestablecido El sembrador. -- La lampara y la medida. -- La semilla que crece en secreto. -- La semilla de mostaza. -- La levadura. -- El trigo y la mala hierba. -- La red.
Título El gran día de la venida del señor.
Nota de contenido con formato preestablecido La higuera en ciernes. -- El vigilante. -- El ladrón. --El mayordomo. -- Las chicas sabias y tontas. -- Los talentos y las libras. -- La ovejas y las cabras.
Título Buenas noticias para los necesitados
Nota de contenido con formato preestablecido Médicos a los enfermos. -- Los dos deudores. -- La oveja perdida y el buen pastor. -- La moneda perdida. -- El hijo prodigo. -- Los trabajadores de la viña. -- El fariseo y el publicano.
Título Malas noticias para el establecimiento.
Nota de contenido con formato preestablecido Los dos hijos. -- Los malvados inquilino. -- La gran fiesta y el vestido de bodas. -- El tonto rico. -- El hombre rico y Lázaro.
Título Relaciones revolucionarias de vecindad.
Nota de contenido con formato preestablecido El sirviente despiadado. -- El buen samaritano. -- El mayordomo injusto; también acumulando tesoros en cielo lugares en la mesa. -- Otros dichos del sermón de la montaña.
Título Viviendo con el Dios de la revolución.
Nota de contenido con formato preestablecido El amigo a medianoche; también el padre y su petición de los niños. -- El Juez injusto. -- El humilde servidor.
Título Llamado a la decisión.
Nota de contenido con formato preestablecido Caminos y puertas. -- Arboles fructíferos e infructuoso; la higuera. -- La verdadera vid. -- Las dos cosas. -- El constructor de la torre y la red van a la guerra. -- El tesoro y la perla.
563 ## - NOTA DE ENCUADERNACIÓN
Nota de encuadernación Rústica
630 07 - TITULO UNIFORME
Título uniforme Biblia.
Nombre de parte o sección de la obra Nuevo Testamento
650 #7 - ASIENTO SECUNDARIO DE MATERIA - TERMINO TEMÁTICO
Término temático o nombre geográfico como elemento de entrada Hermenéutica bíblica
Fuente del encabezamiento o término embne
9 (RLIN) 7333
650 #7 - ASIENTO SECUNDARIO DE MATERIA - TERMINO TEMÁTICO
Término temático o nombre geográfico como elemento de entrada Cristología
9 (RLIN) 239
653 ## - TÉRMINO DE INDIZACIÓN - NO CONTROLADO
Término no controlado Parábolas
700 ## - ASIENTO SECUNDARIO - NOMBRE PERSONAL
Nombre personal Green, Michael
9 (RLIN) 821
Responsabilidad editor
942 ## - TIPO DE MATERIAL (KOHA)
Tipo de Item KOHA Libros General
945 ## - INFORMACIÓN LOCAL DEL REGISTRO
Catalogador Luz Peña
Existencias
Estado de Material Estado de Perdido Forma de Clasificación Estado de Dañado No para Préstamo Colección Tomo Biblioteca de Origen Biblioteca Permanente Fecha de Adquisición Área Total de Préstamos Signatura Topográfica Código de Barras Última vez visto Ejemplar/Existencia Fecha de Remplazo Tipo de Material
    Dewey Decimal Classification     Colección General   Biblioteca FUSBC Biblioteca FUSBC 05/06/2024 BIBLIA   G 226.8 W474p 23582 12/12/2019 Ej. 1 26/01/2016 Libros General

Biblioteca FUSBC | Teléfono: (57+4) 349 88 10 Ext. 141| WhatsApp (+57) 3005338115 
E-mail: biblioteca@unisbc.edu.co | Calle 76 87-14 Robledo Palenque, Medellín, Colombia

Con tecnología Koha